000 00470nam a22001937a 4500
003 CEME
005 20210628203600.0
008 210121b xxu||||| |||| 00| 0 eng d
020 _a0-19-567065-5
040 _c.
082 _a340.1 PAT
100 _aPaton, George Whitecross
_966385
245 _aA textbook of jurisprudence
250 _a4TH
260 _aNEW DELHI
_bOXFORD
_c2007
300 _aXVII,659 P
650 _aJURISPRUDENCE
_935222
942 _cBK
_2ddc
999 _c574358
_d574358